|
|
|
|
| LEADER |
01300nam a2200265 a 4500 |
| 001 |
GR-MES15268 |
| 008 |
061004s2007 gr 000 b eng d |
| 020 |
|
|
|a 0470055200
|q paper/website
|
| 020 |
|
|
|a 9780470055
|q paper/website
|
| 040 |
|
|
|a GrPaTEI
|b gre
|c GR-PaULI
|
| 082 |
|
0 |
|a 005.758 5
|2 21
|
| 100 |
1 |
|
|a Knight, Brian,
|d 1976-
|
| 245 |
1 |
0 |
|a Professional SQL server 2005 administration /
|c Brian Knight, Ketan Patel, Wayne Snyder ... [et al.].
|
| 260 |
|
|
|a Indianapolis, IN :
|b Wrox/Wiley TechnologyTechnology,
|c c2007
|
| 300 |
|
|
|a xxx, 735 σ. :
|b εικ. ;
|c 24 εκ.
|
| 490 |
0 |
|
|a Wrox professional guides
|
| 650 |
|
0 |
|a Client/server computing
|
| 650 |
|
0 |
|a Database management
|
| 650 |
|
4 |
|a Διαχείριση βάσης δεδομένων
|
| 700 |
1 |
|
|a Knight, Brian,
|d 1976-
|
| 942 |
|
|
|2 ddc
|
| 952 |
|
|
|0 0
|1 0
|2 ddc
|4 0
|6 005_758000000000000_5_PRO
|7 0
|9 273101
|a MSLG
|b MSLG
|c BSC
|d 2021-01-17
|e 24
|f 0
|g 0.00
|l 0
|o 005.758 5 PRO
|p 2420000024328
|r 2021-01-17 00:00:00
|t 1
|w 2021-01-17
|y BK15
|x 20090921 0 ΤΣΑΝΤΑΡΛΙΩΤΗ 1
|x GrPaTEI
|
| 952 |
|
|
|0 0
|1 0
|2 ddc
|4 0
|6 650_015000000000000_13_BRA
|7 0
|9 273102
|a MSLG
|b MSLG
|c BSC
|d 2021-01-17
|e 24
|f 0
|g 0.00
|l 0
|o 650.015 13 BRA
|p 2420000024375
|r 2021-01-17 00:00:00
|t 1
|w 2021-01-17
|y BK15
|x 20100803 0 1
|x GrPaTEI
|
| 971 |
|
|
|a .b25813171
|b 15-04-20
|c 13-09-16
|
| 999 |
|
|
|c 158084
|d 158084
|